Statistics for 15 Largest Cities in Japan🇯🇵

Click here to take the quiz!

General Stats

  • This quiz has been taken 61 times
  • The average score is 10 of 15

Answer Stats

PopulationCity% Correct
8.3 milTokyo
100%
2.5 milOsaka
98%
1.8 milSapporo
91%
1.1 milHiroshima
89%
1.4 milKyoto
89%
3.5 milYokohama
89%
2.1 milNagoya
87%
1.3 milFukuoka
76%
1.5 milKobe
76%
1 milSendai
62%
1.3 milKawasaki
42%
919kChiba
40%
1.1 milSaitama
36%
997kKitakyushu
29%
1 milYono
2%

Score Distribution

Percentile by Number Answered

Percent of People with Each Score

Your Score History

You have not taken this quiz